Leasehold Reform: what next for the sector? (Record no. 121945)
[ view plain ]
| 000 -LEADER | |
|---|---|
| fixed length control field | 01201nam a22002297a 4500 |
| 008 - FIXED-LENGTH DATA ELEMENTS--GENERAL INFORMATION | |
| fixed length control field | 240531t2024 xxk|||||o|||| 00| 0 eng d |
| 041 ## - LANGUAGE CODE | |
| Language code of text/sound track or separate title | eng |
| 110 ## - MAIN ENTRY--CORPORATE NAME | |
| Corporate author | Royal Institution of Chartered Surveyors |
| 245 ## - TITLE STATEMENT | |
| Title | Leasehold Reform: what next for the sector? |
| Medium | [Electronic resource] |
| 260 ## - PUBLICATION INFORMATION | |
| Place of publication | London, |
| Publisher | Royal Institution of Chartered Surveyors, |
| Date | 29 May 2024 |
| 520 ## - ABSTRACT | |
| Abstract | On the occasion of the Royal Assent of the Leasehold and Freehold Reform Bill to become the Leasehold and Freehold Reform Act, the RICS outlines what this means for leaseholders, freeholders, landlords, investors, building owners and other stakeholders. It notes that there is still a lot of uncertainty and consultations to take place including on ground rent and valuation. |
| 650 ## - KEYWORDS | |
| Keywords | LEASEHOLD AND FREEHOLD REFORM ACT |
| 650 ## - KEYWORDS | |
| Keywords | LEASEHOLD ENFRANCHISEMENT |
| 650 ## - KEYWORDS | |
| Keywords | LEASEHOLD VALUATION |
| 650 ## - KEYWORDS | |
| Keywords | GROUND RENTS |
| 650 ## - KEYWORDS | |
| Keywords | SERVICE CHARGES |
| 651 ## - SUBJECT ADDED ENTRY--GEOGRAPHIC NAME | |
| Geographic name | United Kingdom |
| 690 ## - BROAD SUBJECT | |
| Broad subject | Landlord and tenant |
| 9 (RLIN) | 6252 |
| 710 ## - ADDED CORPORATE NAME | |
| Added corporate author | Royal Institution of Chartered Surveyors |
| 856 ## - ONLINE RESOURCE | |
| Uniform Resource Identifier | <a href="https://www.rics.org/news-insights/leasehold-reform-what-next-for-the-sector">https://www.rics.org/news-insights/leasehold-reform-what-next-for-the-sector</a> |
| Public note | Available free on RICS.org |
| 942 ## - ADDED ENTRY ELEMENTS (KOHA) | |
| Suppress in OPAC | Do not suppress in OPAC |
| Lost status | Damaged status | Not for loan | Current library | Shelving location | Date acquired | Total Checkouts | Full call number | Date last seen | Price effective from | Koha item type |
|---|---|---|---|---|---|---|---|---|---|---|
| Virtual | Online | 31/05/2024 | PRESS RELEASE | 31/05/2024 | 31/05/2024 | News article |